Sports Quiz

Random Sports or Soccer Quiz

The Guardian's 100 Best Footballers Quiz Stats

Quiz Updated Dec 22, 2017

Challenge
Share
Tweet
Embed
Score 0/100 Timer 12:00
5 Plays Today
Rank Player % Correct
1Lionel Messi
98.4%
2Cristiano Ronaldo
98.1%
29Andrés Iniesta
84.5%
60Zlatan Ibrahimović
83.7%
32Alexis Sánchez
82.6%
3Neymar
82.3%
15Luis Suárez
81.3%
8Kylian Mbappé
80.7%
18Antoine Griezmann
80.4%
20Sergio Agüero
80%
50Gareth Bale
79.6%
96Jamie Vardy
78.6%
84Bernardo Silva
77.1%
30Paul Pogba
77%
5Harry Kane
76.7%
76Thiago Silva
73.1%
38David Silva
72.2%
68Diego Costa
71.1%
37Romelu Lukaku
70.7%
11Sergio Ramos
69.7%
12Isco
69.4%
58Gerard Piqué
69.3%
79Arjen Robben
69.2%
67Mesut Özil
69.1%
10Eden Hazard
68%
13Édinson Cavani
67.1%
34Gonzalo Higuaín
66.8%
24Philippe Coutinho
65.3%
51Karim Benzema
64.7%
14Paulo Dybala
63.8%
25Christian Eriksen
62.8%
17N'Golo Kanté
62%
16Gianluigi Buffon
61.4%
7Robert Lewandowski
60.8%
Rank Player % Correct
4Kevin De Bruyne
60.7%
40Manuel Neuer
59.6%
41Radamel Falcao
59.5%
27Dries Mertens
58.7%
23David de Gea
57.6%
95Raphaël Varane
56.3%
61Leroy Sané
56%
46Sergio Busquets
55.9%
26Daniel Alves
55.9%
31Dele Alli
55.7%
63Diego Godín
54.1%
100Ángel Di María
54.1%
6Luka Modrić
53.2%
42Marco Asensio
53%
53Naby Keïta
51.2%
89Jordi Alba
50%
78Keylor Navas
49.7%
86Dani Carvajal
49.6%
94David Alaba
48.5%
83David Luiz
48.5%
43Edin Dzeko
47.9%
9Toni Kroos
47.7%
81Hugo Lloris
46.9%
19Marcelo
45.9%
54Timo Werner
45.7%
44Lorenzo Insigne
45.6%
75Marcus Rashford
45.4%
88Koke
45.3%
70Mats Hummels
44.5%
65Thibaut Courtois
43.8%
36Sadio Mané
41.2%
62Raheem Sterling
39.5%
35Jan Oblak
39.3%
93Cesc Fàbregas
39.1%
Rank Player % Correct
59Ousmane Dembélé
38.8%
73Samuel Umtiti
37.7%
56Giorgio Chiellini
37.7%
33Mauro Icardi
36.8%
74Nemanja Matic
36.7%
47Álvaro Morata
34.9%
66Arturo Vidal
34.8%
39Gabriel Jesus
34.5%
52César Azpilicueta
33.8%
87Thomas Lemar
33.6%
28Casemiro
33.4%
48Marco Verratti
30.7%
71Ciro Immobile
30.6%
97Benjamin Mendy
30.4%
22Mohamed Salah
30.3%
69Emil Forsberg
28.3%
72Radja Nainggolan
27.7%
21Pierre-Emerick Aubameyang
27.5%
99Adrien Rabiot
26.1%
90Alex Sandro
25.6%
98Mario Mandzukic
25%
82Toby Alderweireld
24.6%
45Leonardo Bonucci
23.6%
77Christian Pulisic
21.9%
91Fabinho
20.7%
55Marc-André ter Stegen
19.2%
64Joshua Kimmich
18.8%
49Thiago Alcântara
17.8%
85İlkay Gündoğan
15.9%
80Saúl Ñíguez
15.4%
57Ivan Rakitić
14.5%
92Henrikh Mkhitaryan
10.6%

You're not logged in!

Compare scores with friends on all Sporcle quizzes.
Sign Up with Email
OR
Log In

You Might Also Like...

Show Comments

Extras

Top Quizzes Today


Score Distribution

Your Account Isn't Verified!

In order to create a playlist on Sporcle, you need to verify the email address you used during registration. Go to your Sporcle Settings to finish the process.